Corduroy's Christmas surprise / (Record no. 25000)
[ view plain ]
| 000 -LEADER | |
|---|---|
| fixed length control field | 01371cam a22004098a 4500 |
| 003 - CONTROL NUMBER IDENTIFIER | |
| control field | XX-XxUND |
| 005 - DATE AND TIME OF LATEST TRANSACTION | |
| control field | 20241220112553.0 |
| 008 - FIXED-LENGTH DATA ELEMENTS--GENERAL INFORMATION | |
| fixed length control field | 000810s2000 nyu b 000 1 eng |
| 001 - CONTROL NUMBER | |
| control field | 45107648 |
| 010 ## - LIBRARY OF CONGRESS CONTROL NUMBER | |
| LC control number | 00063642 |
| 020 ## - INTERNATIONAL STANDARD BOOK NUMBER | |
| International Standard Book Number | 0448421917 |
| 035 ## - SYSTEM CONTROL NUMBER | |
| System control number | (Sirsi) i9780448421919 |
| 040 ## - CATALOGING SOURCE | |
| Original cataloging agency | DLC |
| Transcribing agency | DLC |
| Modifying agency | JJG |
| 042 ## - AUTHENTICATION CODE | |
| Authentication code | lcac |
| 049 ## - LOCAL HOLDINGS (OCLC) | |
| Holding library | LJWA |
| 050 00 - LIBRARY OF CONGRESS CALL NUMBER | |
| Classification number | PZ7 |
| Item number | .C815358 2000 |
| 082 00 - DEWEY DECIMAL CLASSIFICATION NUMBER | |
| Classification number | [E] |
| Edition number | 21 |
| 082 ## - DEWEY DECIMAL CLASSIFICATION NUMBER | |
| Classification number | FREEMAN |
| 092 ## - LOCALLY ASSIGNED DEWEY CALL NUMBER (OCLC) | |
| Classification number | FREEMAN |
| 100 1# - MAIN ENTRY--PERSONAL NAME | |
| Personal name | Freeman, Don. |
| 9 (RLIN) | 66392 |
| 245 00 - TITLE STATEMENT | |
| Title | Corduroy's Christmas surprise / |
| Statement of responsibility, etc | based on the character created by Don Freeman ; illustrated by Lisa McCue. |
| 260 ## - PUBLICATION, DISTRIBUTION, ETC. (IMPRINT) | |
| Place of publication, distribution, etc | New York : |
| Name of publisher, distributor, etc | Grosset & Dunlap, |
| Date of publication, distribution, etc | 2000. |
| 263 ## - PROJECTED PUBLICATION DATE | |
| Projected publication date | 0009 |
| 300 ## - PHYSICAL DESCRIPTION | |
| Extent | [32] p. : |
| Other physical details | col. ill. ; |
| Dimensions | 20 cm. |
| 440 #0 - SERIES STATEMENT/ADDED ENTRY--TITLE | |
| Title | Reading railroad books |
| 9 (RLIN) | 606 |
| 520 ## - SUMMARY, ETC. | |
| Summary, etc | Corduroy's letter to Santa is full of requests for his friends, who will be spending Christmas Day with him, but Santa has a surprise in store for a very special bear, too. |
| 650 #0 - SUBJECT ADDED ENTRY--TOPICAL TERM | |
| Topical term or geographic name as entry element | Bears |
| Form subdivision | Juvenile fiction. |
| 9 (RLIN) | 5674588 |
| 650 #0 - SUBJECT ADDED ENTRY--TOPICAL TERM | |
| Topical term or geographic name as entry element | Christmas |
| Form subdivision | Juvenile fiction. |
| 9 (RLIN) | 5686707 |
| 650 #0 - SUBJECT ADDED ENTRY--TOPICAL TERM | |
| Topical term or geographic name as entry element | Gifts |
| Form subdivision | Juvenile fiction. |
| 9 (RLIN) | 5675569 |
| 650 #0 - SUBJECT ADDED ENTRY--TOPICAL TERM | |
| Topical term or geographic name as entry element | Teddy bears |
| Form subdivision | Juvenile fiction. |
| 9 (RLIN) | 5692185 |
| 650 #0 - SUBJECT ADDED ENTRY--TOPICAL TERM | |
| Topical term or geographic name as entry element | Toys |
| Form subdivision | Juvenile fiction. |
| 9 (RLIN) | 5693428 |
| 700 1# - ADDED ENTRY--PERSONAL NAME | |
| Personal name | Freeman, Don. |
| 9 (RLIN) | 66392 |
| 700 1# - ADDED ENTRY--PERSONAL NAME | |
| Personal name | McCue, Lisa, |
| 9 (RLIN) | 16986 |
| 942 ## - ADDED ENTRY ELEMENTS (KOHA) | |
| Koha item type | BOOK |
| 979 ## - | |
| -- | 388707 |
| 998 ## - LOCAL CONTROL INFORMATION (RLIN) | |
| -- | a51854 |
| Withdrawn status | Lost status | Source of classification or shelving scheme | Damaged status | Not for loan | Collection code | Home library | Current library | Shelving location | Date acquired | Source of acquisition | Cost, normal purchase price | Total Checkouts | Total Renewals | Full call number | Barcode | Date last seen | Date checked out | Cost, replacement price | Price effective from | Koha item type |
|---|---|---|---|---|---|---|---|---|---|---|---|---|---|---|---|---|---|---|---|---|
| Dewey Decimal Classification | Children Holiday Books | Wasatch County Library | Wasatch County Library | Main Floor Childrens Area | 05/25/2018 | Donation | 10.95 | 19 | 11 | E Christmas Freeman | 34301001606906 | 02/13/2026 | 11/12/2025 | 10.95 | 03/20/2020 | BOOK | ||||
| Dewey Decimal Classification | Children Holiday Books | Wasatch County Library | Wasatch County Library | Main Floor Childrens Area | 01/26/2001 | 12.95 | 61 | 8 | E Christmas Freeman | 34301000313439 | 12/26/2025 | 12/18/2025 | 12.95 | 03/20/2020 | BOOK |
